00679nam a2200169 i 4500001000700000003000900007007000300016008004100019100003100060245014600091260004500237300002900282700002700311852003100338999001900369952012100388146665ES-MaACLt|070914s1972 sp ||||1| spa d1 aTraynham, James G.911126310aNomenclatura de compuestos orgánicos b: una introducción programada / cJames G. Traynham ; traducción y adaptación de Emilio Yunis. aMadrid, etc. : bPrentice-Hall, c[1972] aXVIII, 129 p. ; c24 cm.1 aYunis, Emilio.9117746 aES-MaACLjE-7512 bR.91806 c146665d146665 00104070aATENEOMbATENEOMcDEPO2d2008-01-17eSCl0oE-7512p1153073r2023-02-23 00:00:00w2023-02-23yMONOGRAFIA